The grand complication / Allen Kurzweil.
Available copies
- 2 of 2 copies available at LARL/NWRL Consortium. (Show)
- 2 of 2 copies available at Lake Agassiz Regional Library.
Current holds
0 current holds with 2 total copies.
Show Only Available Copies
| Location | Call Number / Copy Notes | Barcode | Shelving Location | Status | Due Date |
|---|---|---|---|---|---|
| Crookston Public Library | M Kur (Text) | 33500006425888 | Main | Available | - |
| Moorhead Public Library | M Kur (Text) | 33500006371736 | Main | Available | - |
Record details
- ISBN: 0786866039
- Physical Description: 359 p. ; 25 cm.
- Publisher: New York : Hyperion, c2001.
Search for related items by subject
| Subject: | Adult Mystery Librarians > Fiction. Art thefts > Fiction. New York (N.Y.) > Fiction. Collectors and collecting > Fiction. Bibliomania > Fiction. |
| Genre: | Humorous fiction. Mystery fiction. |
| LDR | 01238cam a2200349Ia 4500 | ||
|---|---|---|---|
| 001 | 35736 | ||
| 003 | LARL_NWRL_CONSORTIUM | ||
| 005 | 20010803141726.0 | ||
| 008 | 010131s2001 nyu 000 1 eng | ||
| 010 | . | ‡a2001016811 | |
| 020 | . | ‡a0786866039 | |
| 035 | . | ‡a(OCoLC)45890331 | |
| 040 | . | ‡aDLC ‡cDLC ‡dIEB ‡dC#P | |
| 082 | 0 | 0. | ‡a813/.54 ‡221 |
| 099 | . | ‡aKur | |
| 100 | 1 | . | ‡aKurzweil, Allen. ‡0(LARL_NWRL_CONSORTIUM)104272 |
| 245 | 1 | 4. | ‡aThe grand complication / ‡cAllen Kurzweil. |
| 260 | . | ‡aNew York : ‡bHyperion, ‡cc2001. | |
| 300 | . | ‡a359 p. ; ‡c25 cm. | |
| 650 | . | ‡aAdult Mystery | |
| 650 | 0. | ‡aLibrarians ‡vFiction. ‡0(LARL_NWRL_CONSORTIUM)172743 | |
| 650 | 0. | ‡aArt thefts ‡vFiction. ‡0(LARL_NWRL_CONSORTIUM)163200 | |
| 651 | 0. | ‡aNew York (N.Y.) ‡vFiction. ‡0(LARL_NWRL_CONSORTIUM)166410 | |
| 650 | 0. | ‡aCollectors and collecting ‡vFiction. ‡0(LARL_NWRL_CONSORTIUM)169053 | |
| 650 | 0. | ‡aBibliomania ‡vFiction. | |
| 655 | 7. | ‡aHumorous fiction. ‡2gsafd | |
| 655 | 7. | ‡aMystery fiction. ‡2gsafd | |
| 901 | . | ‡a35736 ‡bOCLC ‡c35736 ‡tbiblio | |

Add to basket
Permalink
Disable Highlighting